The essential James Joyce /

Bibliographic Details
Main Author: Joyce, James, 1882-1941
Other Authors: Levin, Harry
Format: Book
Language:English
Published: London : J. Cape, [1948]

MARC

Tag First Indicator Second Indicator Subfields
LEADER 00000cam a2200000 4500
001 in00000031843
005 20151007063133.0
008 730104s1948 enk 00010 eng u
010 |a  49002169  
035 |a (OCoLC)00528973 
035 |9 AAD6653AM 
040 |c OUN  |d TXA  |d UtOrBLW 
049 |a TXAM  |c [159883] 
050 0 |a PR6019.O9  |b A6 1948 
082 0 |a 820.81 
092 |a 820  |b J89e 
100 1 |a Joyce, James,  |d 1882-1941. 
245 1 4 |a The essential James Joyce /  |c with an introd. and notes by Harry Levin. 
264 1 |a London :  |b J. Cape,  |c [1948] 
300 |a 533 pages ;  |c 21 cm. 
336 |a text  |b txt  |2 rdacontent 
337 |a unmediated  |b n  |2 rdamedia 
338 |a volume  |b nc  |2 rdacarrier 
505 0 |a Dubliners.--A portrait of the artist as a young man.--Exiles.--Collected poems.--From Ulysses.--From Finnegans wake. 
700 1 |a Levin, Harry. 
999 |a MARS 
999 f f |s e8bb6f98-c81c-385e-bf31-1754d2689371  |i e3887259-6786-3ea0-b225-72a4b1cb8e5e  |t 0 
952 f f |p normal  |a Texas A&M University  |b College Station  |c Sterling C. Evans Library  |d Evans: Library Stacks  |t 0  |e PR6019.O9 A6 1948  |h Library of Congress classification  |i unmediated -- volume  |m A14801266478 
998 f f |a PR6019.O9 A6 1948  |t 0  |l Evans: Library Stacks